AYURVEDIYA NADI PARIKSHA VIGYAN (Record no. 16587)

MARC details
000 -LEADER
fixed length control field 00301nam a22001337a 4500
003 - CONTROL NUMBER IDENTIFIER
control field SGT
082 ## - DEWEY DECIMAL CLASSIFICATION NUMBER
Classification number 615.53
100 ## - MAIN ENTRY--PERSONAL NAME
Personal name UPDHAYAYA,GOVIND PRSAD
245 ## - TITLE STATEMENT
Title AYURVEDIYA NADI PARIKSHA VIGYAN
260 ## - PUBLICATION, DISTRIBUTION, ETC. (IMPRINT)
Place of publication, distribution, etc VARANASI
Name of publisher, distributor, etc CHAUKHAMBA PUB
Year of Publication 2015
300 ## - PAGE DESCRIPTION
No. of Pages 110
650 ## - SUBJECT ADDED ENTRY--TOPICAL TERM
Topical term or geographic name as entry element AYURVEDA
942 ## - ADDED ENTRY ELEMENTS (KOHA)
Source of classification or shelving scheme Dewey Decimal Classification
Koha item type Books
942 ## - ADDED ENTRY ELEMENTS (KOHA)
-- 4
Holdings
Withdrawn status Lost status Source of classification or shelving scheme Damaged status Not for loan Collection code Home library Current library Shelving location Date acquired Vendor Name Cost, normal purchase price SGTU Bill Number Total Checkouts Full call number Accession No. (Barcode) Date last seen Bill Date Koha item type Use restrictions Date last borrowed
    Dewey Decimal Classification     AYURVEDA SGT FA-FP Library SGT FA-FP Library Text Book 22/01/2019 CHAUKHAMBA PUB 90.00 SGTU 1338   615.53 FA8676 22/01/2019 16/01/2019 Books    
    Dewey Decimal Classification     AYURVEDA SGT FA-FP Library SGT FA-FP Library Reference Book 22/01/2019 CHAUKHAMBA PUB 90.00 SGTU 1338   615.53 FA8677 22/01/2019 16/01/2019 Books Restricted Access  
    Dewey Decimal Classification     AYURVEDA SGT FA-FP Library SGT FA-FP Library Text Book 22/01/2019 CHAUKHAMBA PUB 90.00 SGTU 1338   615.53 FA8678 22/01/2019 16/01/2019 Books    
    Dewey Decimal Classification     AYURVEDA SGT FA-FP Library SGT FA-FP Library Text Book 22/01/2019 CHAUKHAMBA PUB 90.00 SGTU 1338   615.53 FA8679 22/01/2019 16/01/2019 Books    
    Dewey Decimal Classification     AYURVEDA SGT FA-FP Library SGT FA-FP Library Text Book 22/01/2019 CHAUKHAMBA PUB 90.00 SGTU 1338   615.53 FA8680 22/01/2019 16/01/2019 Books    
    Dewey Decimal Classification     AYURVEDA SGT FA-FP Library SGT FA-FP Library Text Book 22/01/2019 CHAUKHAMBA PUB 90.00 SGTU 1338   615.53 FA8681 22/01/2019 16/01/2019 Books    
    Dewey Decimal Classification     AYURVEDA SGT FA-FP Library SGT FA-FP Library Text Book 22/01/2019 CHAUKHAMBA PUB 90.00 SGTU 1338 1 615.53 FA8682 26/10/2019 16/01/2019 Books   27/09/2019
    Dewey Decimal Classification     AYURVEDA SGT FA-FP Library SGT FA-FP Library Text Book 22/01/2019 CHAUKHAMBA PUB 90.00 SGTU 1338   615.53 FA8683 22/01/2019 16/01/2019 Books    
    Dewey Decimal Classification     AYURVEDA SGT FA-FP Library SGT FA-FP Library Text Book 22/01/2019 CHAUKHAMBA PUB 90.00 SGTU 1338   615.53 FA8684 22/01/2019 16/01/2019 Books    
    Dewey Decimal Classification     AYURVEDA SGT FA-FP Library SGT FA-FP Library Text Book 22/01/2019 CHAUKHAMBA PUB 90.00 SGTU 1338 6 615.53 FA8685 12/05/2025 16/01/2019 Books   12/05/2025